Miniature vertebrates : the implications of small body size : the proceedings of a symposium held at the Zoological Society of London on the 11th and 12th November 1994
Αποθηκεύτηκε σε:
| Συγγραφή απο Οργανισμό/Αρχή: | |
|---|---|
| Άλλοι συγγραφείς: | |
| Μορφή: | Βιβλίο |
| Γλώσσα: | English |
| Δημοσίευση: |
Oxford :
Clarendon Press,
1996
|
| Σειρά: | Symposia of the Zoological Society of London ;
; 69 |
| Θέματα: | |
| Ετικέτες: |
Προσθήκη ετικέτας
Δεν υπάρχουν, Καταχωρήστε ετικέτα πρώτοι!
|
MARC
| LEADER | 00000nam a2200000 i 4500 | ||
|---|---|---|---|
| 001 | 1/103714 | ||
| 008 | 000301s1996 eng d | ||
| 020 | |a 0198577877 | ||
| 035 | |l 10058577 | ||
| 040 | |a GR-MY-UA |b gre |e aacr | ||
| 041 | 0 | |a eng | |
| 082 | 0 | |a 591 | |
| 245 | 1 | 0 | |a Miniature vertebrates : |b the implications of small body size : the proceedings of a symposium held at the Zoological Society of London on the 11th and 12th November 1994 / |c Edited by P.J. Miller |
| 260 | |a Oxford : |b Clarendon Press, |c 1996 | ||
| 300 | |a 328 p. |b fig.; tabl. | ||
| 490 | 1 | |a Symposia of the Zoological Society of London |v ; 69 | |
| 504 | |a Includes bibliographical references and index | ||
| 650 | 0 | 0 | |a Vertebrates |x Size |x Congresses. |
| 650 | 0 | 0 | |a Vertebrates |x Ecology |x Congresses. |
| 700 | 1 | |a Miller, P. J. |q (Peter James) |4 edt | |
| 710 | 2 | |a Zoological Society of London. | |
| 830 | 0 | |a Symposia of the Zoological Society of London ; |v ; 69 | |
| 852 | |a INST |b LESVOS |e 20000301 |h 591 MIN |p 005100020647 |q 005100020647 |t BK |y 0 | ||
| 901 | |a BIBL1-2000-1 | ||
| 909 | |a Λ |b 074842 | ||
| 922 | |a 1ΕΛΗ |b 200001 |c ΚΠΣ/ΤΠ |d GLORY | ||
| 950 | |a 107-1999-12-21 | ||
| 970 | |a ΜΟΥΣΤΑΚΑ |b ΠΗΝΕΛΟΠΗ |z 2000/03/23 | ||